Cities in Japan - Sudden Death - Statistics

General Stats
  • This quiz has been taken 116 times
  • The average score is 11 of 14
Answers on the Grid
Answers color-coded by a green-red scale on the quiz's grid according to % correct below.
Chiba
Daegu
Davao
Fukuoka
Fukushima
Hiroshima
Hong Kong
Incheon
Kawasaki
Kobe
Kuala Lumpur
Kyoto
Lagos
Mandalay
Manila
Nagoya
Niigata
Osaka
Pune
Pyongyang
Saitama
Sapporo
Seoul
Shanghai
Taipei
Tokyo
Yangon
Yokohama
 
Answer Stats
Answer % Correct
Fukuoka
84%
Fukushima
84%
Hiroshima
84%
Kyoto
84%
Osaka
84%
Tokyo
84%
Kawasaki
79%
Niigata
79%
Nagoya
74%
Saitama
74%
Sapporo
74%
Yokohama
74%
Chiba
68%
Kobe
68%
No matching quizzes found
Score Distribution
Percent of People with Each Score
Percentile by Number Answered
Your Score History
You have not taken this quiz